00918cam a2200253 a 4500001000500000005001700005020002200022040003000044050001400074082001400088100001700102245005800119260004000177300004100217500005100258500002000309505000600329520021700335521001800552521001800570650002100588650002200609700003300631186020231106145339.0 a0140315977 (pbk.) aDLCcDLCdDLCdFISKHbeng10aPZ7.D151500a[Fic]2191 aDahl, Roald.14aThe BFG /cRoald Dahl ; illustrated by Quentin Blake. aLondon :aNew York :bPuffin,c1998 a208 pages :billustrations ;c20 cm. aOriginally published: London : J. Cape, c1982. a"Puffin books." aM aKidsnatched from her orphanage by a BFG (Big Friendly Giant), who spends his life blowing happy dreams to children, Sophie concocts with him a plan to save the world from nine other man-gobbling cannybull giants. a720 bLexile aR bRaz-Plus 1aGiantsxFiction. 1aOrphansxFiction.1 aBlake, Quentin,eillustrator